Ellenőrzött hatóanyagleadású állatgyógyászati készítmények

Elmentve itt :
Bibliográfiai részletek
Szerzők: Kata Mihály
Aigner Zoltán
Dokumentumtípus: Cikk
Megjelent: 2005
Sorozat:BULLETIN OF MEDICAL SCIENCES / ORVOSTUDOMÁNYI ÉRTESÍTŐ 78 No. 2
Tárgyszavak:
mtmt:1914743
Online Access:http://publicatio.bibl.u-szeged.hu/30813
LEADER 00726nab a2200205 i 4500
001 publ30813
005 20241024111110.0
008 241024s2005 hu o 000 hun d
022 |a 1453-0953 
024 7 |a 1914743  |2 mtmt 
040 |a SZTE Publicatio Repozitórium  |b hun 
041 |a hun 
100 1 |a Kata Mihály 
245 1 0 |a Ellenőrzött hatóanyagleadású állatgyógyászati készítmények  |h [elektronikus dokumentum] /  |c  Kata Mihály 
260 |c 2005 
300 |a 196-199 
490 0 |a BULLETIN OF MEDICAL SCIENCES / ORVOSTUDOMÁNYI ÉRTESÍTŐ  |v 78 No. 2 
650 4 |a Általános orvostudomány 
700 0 1 |a Aigner Zoltán  |e aut 
856 4 0 |u http://publicatio.bibl.u-szeged.hu/30813/1/aok_klny_487_05.pdf  |z Dokumentum-elérés